<?xml version="1.0" encoding="UTF-8"?>
<record
    xmlns:xsi="http://www.w3.org/2001/XMLSchema-instance"
    xsi:schemaLocation="http://www.loc.gov/MARC21/slim http://www.loc.gov/standards/marcxml/schema/MARC21slim.xsd"
    xmlns="http://www.loc.gov/MARC21/slim">

  <leader>03407nam a22002537a 4500</leader>
  <controlfield tag="005">20240305165532.0</controlfield>
  <controlfield tag="007">cr||||   |||  </controlfield>
  <controlfield tag="008">190911s2019    mx |||||s|||| 00||0 spa d</controlfield>
  <datafield tag="020" ind1=" " ind2=" ">
    <subfield code="a">978-607-98395-8-1</subfield>
  </datafield>
  <datafield tag="035" ind1=" " ind2=" ">
    <subfield code="a">30258</subfield>
  </datafield>
  <datafield tag="040" ind1=" " ind2=" ">
    <subfield code="a">vLex</subfield>
  </datafield>
  <datafield tag="090" ind1=" " ind2=" ">
    <subfield code="c">9472</subfield>
    <subfield code="d">9472</subfield>
  </datafield>
  <datafield tag="100" ind1="1" ind2=" ">
    <subfield code="a">Cabanas Veiga, Manuel</subfield>
  </datafield>
  <datafield tag="245" ind1="1" ind2="2">
    <subfield code="a">El Federalismo Social</subfield>
    <subfield code="h">[Recurso electr&#xF3;nico] /</subfield>
    <subfield code="c">Manuel Cabanas Veiga</subfield>
  </datafield>
  <datafield tag="256" ind1=" " ind2=" ">
    <subfield code="a">Servicio en l&#xED;nea</subfield>
  </datafield>
  <datafield tag="260" ind1=" " ind2=" ">
    <subfield code="a">Ciudad de M&#xE9;xico:</subfield>
    <subfield code="b">vLex M&#xE9;xico,</subfield>
    <subfield code="c">2019</subfield>
  </datafield>
  <datafield tag="300" ind1=" " ind2=" ">
    <subfield code="a">1 recurso electr&#xF3;nico</subfield>
  </datafield>
  <datafield tag="500" ind1=" " ind2=" ">
    <subfield code="a">Un an&#xE1;lisis comparativo sobre la eficacia del Estado social en los diferentes territorios en los que se inserta. Asistimos, en la actualidad, a un proceso de fragmentaci&#xF3;n pol&#xED;tica, social y econ&#xF3;mica a nivel mundial que amenaza la unidad de organizaciones de Estados y que tiene lugar, tambi&#xE9;n, en el seno de los propios Estados, coincidiendo con el resurgimiento de sentimientos nacionalistas de naturaleza excluyente que desplazan la atenci&#xF3;n de la ciudadan&#xED;a de la comunidad de problemas sociales y econ&#xF3;micos que los unen, derivados de la crisis econ&#xF3;mica que seguimos atravesando, hacia intereses localistas que los separan. Todo ello justifica la necesidad de una investigaci&#xF3;n que indague sobre el origen hist&#xF3;rico de los procesos de desfragmentaci&#xF3;n territorial, con la finalidad de averiguar la causa que da lugar a que los mismos se produzcan y que ofrezca, al mismo tiempo, un mecanismo que no s&#xF3;lo mitigue estos procesos, sino que tambi&#xE9;n refuerce la unidad territorial del Estado o del ente territorial de que se trate. Y es a esta carencia a lo que viene a responder, precisamente, este trabajo, lo que se lleva a cabo, ya desde el Pr&#xF3;logo elaborado por el Dr. Javier Ruip&#xE9;rez Alamillo, recuperando una idea por desgracia ca&#xED;da en desuso, por carecer de un adecuado tratamiento doctrinal y de una clara y denodada menci&#xF3;n constitucional que no dejase dudas sobre su reconocimiento, y que explica, en su mayor parte, las actuales crisis territoriales a las que asistimos a d&#xED;a de hoy: el Federalismo Social. De este modo, partiendo del mismo, por ser el modelo territorial que el Poder Constituyente espa&#xF1;ol de 1977-78 decidi&#xF3; plasmar en la Constituci&#xF3;n vigente, esta obra se preocupa por estudiar c&#xF3;mo deber&#xED;a ejecutarse este modelo en los diferentes niveles territoriales y la problem&#xE1;tica de su implantaci&#xF3;n a nivel europeo y, tambi&#xE9;n, a nivel mundial, planteando nuevas perspectivas a su tratamiento y ofreciendo soluciones. Y si &#xE9;stas no convencen al lector, al menos los interrogantes que plantea le permitir&#xE1;n abrir nuevas v&#xED;as de debate acerca de este problema, que es a lo que, humildemente, aspira esta investigaci&#xF3;n, con la finalidad de que las mismas permitan plantear otras soluciones que sirvan para poner fin a la situaci&#xF3;n de crisis actualmente existente. Y si a ello sirviera, irrelevante habr&#xE1; sido para esta obra el haber errado.</subfield>
  </datafield>
  <datafield tag="506" ind1="1" ind2=" ">
    <subfield code="a">Disponible solo en los productos indicados</subfield>
    <subfield code="d">vLex Global</subfield>
    <subfield code="d">vLex Global (Academic Edition, excluding Law Schools)</subfield>
    <subfield code="d">vLex Global (U.S. Academic Edition, Law Schools)</subfield>
    <subfield code="d">vLex Global (U.S. Academic Edition, excluding Law Schools)</subfield>
    <subfield code="d">vLex Global (Academic Edition, Law Schools)</subfield>
  </datafield>
  <datafield tag="650" ind1="0" ind2="4">
    <subfield code="a">Derecho Constitucional</subfield>
    <subfield code="z">M&#xE9;xico</subfield>
  </datafield>
  <datafield tag="740" ind1="0" ind2=" ">
    <subfield code="a">vLex Libros (Servicio en l&#xED;nea)</subfield>
  </datafield>
  <datafield tag="856" ind1="4" ind2="0">
    <subfield code="u">https://app.vlex.com/#/sources/federalismo-social-30258</subfield>
  </datafield>
  <datafield tag="942" ind1=" " ind2=" ">
    <subfield code="c">RAA</subfield>
  </datafield>
  <datafield tag="952" ind1=" " ind2=" ">
    <subfield code="0">0</subfield>
    <subfield code="1">0</subfield>
    <subfield code="4">0</subfield>
    <subfield code="7">0</subfield>
    <subfield code="8">VLEX</subfield>
    <subfield code="9">325678</subfield>
    <subfield code="a">BD-UIN</subfield>
    <subfield code="b">BD-UIN</subfield>
    <subfield code="d">2024-03-05</subfield>
    <subfield code="l">0</subfield>
    <subfield code="p">30258</subfield>
    <subfield code="r">2024-03-05</subfield>
    <subfield code="w">2024-03-05</subfield>
    <subfield code="y">RAA</subfield>
  </datafield>
  <datafield tag="999" ind1=" " ind2=" ">
    <subfield code="c">167709</subfield>
    <subfield code="d">167709</subfield>
  </datafield>
</record>
